Nueva colección de las cartas del papa Clemente XIV (Ganganelli) en continuación de los tres tomos antecedentes

Detalles Bibliográficos
Formato: Libro
Publicado: Madrid 1787
Edición:3a. imp.
Materias:
Colección:Banco de datos
Acervo:Biblioteca del Ex Convento de Nuestra Señora de Guadalupe. Zacatecas
Descripción Física:t. IV
Tema general:Pontífices
Notas:Buena. VIII,1,13(2237)
LEADER 00791nam a22002050004500
035 |a 41254 
036 |a 2438 
245 1 0 |a Nueva colección de las cartas del papa Clemente XIV (Ganganelli) en continuación de los tres tomos antecedentes  |c trs. Marqués Caracciolo, Francisco Mariano Nipho 
250 |a 3a. imp. 
260 |a Madrid  |b imp. Miguel Escribano  |c 1787 
300 |a t. IV 
500 |a Buena. VIII,1,13(2237) 
650 1 0 |a Pontífices 
949 |a CRZ-CG 
959 |a Ex convento de Nuestra Señora de Guadalupe, Museo Regional de Zacatecas, Zacatecas  |b CCC4 
960 |a Convento de Nuestra Señora de Guadalupe, Zacatecas  |b DD87 
961 |a Franciscana  |b OF 
942 |c CRZ-CG 
943 |g Biblioteca del Ex Convento de Nuestra Señora de Guadalupe. Zacatecas 
999 |c 965381  |d 965381